| 000 | 00880nam a2200277 a 4500 | ||
|---|---|---|---|
| 001 | 74819 | ||
| 003 | BD-RjUL | ||
| 005 | 20211209082616.0 | ||
| 008 | 181209s1955 nz a b 000 0 eng | ||
| 035 | _a(BD-RjUL)75037 | ||
| 035 | _a(OCoLC)1053437 | ||
| 040 |
_aDLC _cNSyU _dNcRS _dDLC _dBD-RjUL _beng |
||
| 041 | _aeng | ||
| 042 | _apremarc | ||
| 082 |
_223 _a551.410993 _bCON 1955 |
||
| 100 | 1 |
_aCotton, C. A. _q(Charles Andrew), _d1885-1970. _9225732 |
|
| 245 | 1 | 0 |
_aNew Zealand geomorphology : _breprints of selected papers, 1912-1925 / _cC. A. Cotton. |
| 260 |
_aWellington : _bNew Zealand University Press, _c1955. |
||
| 300 |
_a281 p.: _billus. _c23 cm. |
||
| 504 | _aIncludes bibliography. | ||
| 650 | 0 |
_aGeomorphology _zNew Zealand. _9225733 |
|
| 650 | 0 |
_aPhysical geography _zNew Zealand. _9225734 |
|
| 942 |
_2ddc _cBK |
||
| 999 |
_c74819 _d74819 |
||